000 00816nam a22002417a 4500
005 20220728114149.0
008 220728b ||||| |||| 00| 0 eng d
040 _cAL
041 _aEnglish
082 _223
_a305.42
_bMOHW
100 _aBidyut Mohanty and others
_953779
245 _aWomen and Political Empowerment 1997: Womens Political Empowerment Day Celebrations on Panchayats Women and Primary Education
260 _aNew Delhi
_bInstitute of Social Sciences
_c1997
300 _avi,123 p.
_bPB
_c23.4x15.5 cm.
650 _aPanchayat
_953780
650 _aIndia
_953781
650 _aWomen--Political activity
_953782
650 _aWomen Primary Education
_953783
700 _aMOHANTY (Bidyut) Ed
_953784
700 _aROY (Joya) Ed
_953785
700 _aGUPTA (Smita) Ed
_953786
942 _2ddc
_cGF
999 _c224258
_d224258